| 000 | 00963nam a2200313Ia 4500 | ||
|---|---|---|---|
| 001 | Z_2129 | ||
| 003 | CHAP | ||
| 008 | 220113s1995 xx 000 0 und d | ||
| 010 | _a165203 | ||
| 040 | _cCHAP | ||
| 090 | _aTesis L 1036 | ||
| 100 |
_aLlamas Llamas, Juan José _967236 |
||
| 245 |
_aEvaluación de diversos métodos de sincronización de estros en ganado de carne / _cpor Juan José Llamas Llamas y Ezequiel Macías Duran |
||
| 260 |
_aChapingo, Méx. : _bEl autor, _c1995 |
||
| 300 | _a51 h. | ||
| 502 | _aTesis (Ing. Agr. Esp. en Zootecnia) -- UACH. Departamento de Zootecnia | ||
| 650 |
_aCiclo estrual _923072 |
||
| 650 |
_aGanado de carne _xReproducción _945108 |
||
| 650 |
_aProgesterona _992245 |
||
| 650 |
_aProstaglandina _992434 |
||
| 650 |
_aSincronización _9106555 |
||
| 700 |
_aMacías Duran, Ezequiel _969503 |
||
| 901 | _aTESIS L 1036 | ||
| 902 | _aM | ||
| 910 | _a1995 | ||
| 942 | _c2 | ||
| 942 | _c2 | ||
| 999 |
_c165203 _d165203 |
||